| 000 | 00508nam a22001817a 4500 | ||
|---|---|---|---|
| 003 | OSt | ||
| 005 | 20180116183051.0 | ||
| 008 | 160815b xxu||||| |||| 00| 0 eng d | ||
| 020 | _a0 | ||
| 040 | _c0 | ||
| 082 | _a370.78 AMO 1996-1997 | ||
| 100 | _aGovernment College of Education Lahore | ||
| 245 |
_aAmozish _bGolden Jobili No. _cGovernment College of Education Lahore |
||
| 260 |
_aLahore _bHamid Jamil Printer Rattigan _c1996-1997 |
||
| 300 |
_a162 p. _bPB |
||
| 440 | _aAmozish | ||
| 942 |
_2ddc _cBK |
||
| 999 |
_c351656 _d351656 |
||